a study on the effect of pesticides on the health of begetable growers in svayproteal commune, saang district, dandal (ការសិក្សាពីឥទ្ធិពលថ្នាំកសិកម្ម​ លើសុខភាពកសិករដំាបន្លែនៅឃុំស្វាយប្រទាល ស្រុកស្អាង ខេត្តកណ្តាល) (Record no. 479)

000 -LEADER
fixed length control field 00752nam a22001577a 4500
003 - CONTROL NUMBER IDENTIFIER
control field OSt
005 - DATE AND TIME OF LATEST TRANSACTION
control field 20150915105013.0
008 - FIXED-LENGTH DATA ELEMENTS--GENERAL INFORMATION
fixed length control field 150915b xxu||||| |||| 00| 0 eng d
040 ## - CATALOGING SOURCE
Transcribing agency RUA
082 ## - DEWEY DECIMAL CLASSIFICATION NUMBER
Classification number AGR SAY 2001 B027 Or.1
100 ## - MAIN ENTRY--PERSONAL NAME
9 (RLIN) 499
Personal name SAY, TREUKPHALINE.
245 ## - TITLE STATEMENT
Title a study on the effect of pesticides on the health of begetable growers in svayproteal commune, saang district, dandal (ការសិក្សាពីឥទ្ធិពលថ្នាំកសិកម្ម​ លើសុខភាពកសិករដំាបន្លែនៅឃុំស្វាយប្រទាល ស្រុកស្អាង ខេត្តកណ្តាល)
260 ## - PUBLICATION, DISTRIBUTION, ETC. (IMPRINT)
Place of publication, distribution, etc. Phnom Penh
Name of publisher, distributor, etc. RUA
Date of publication, distribution, etc. 2001
300 ## - PHYSICAL DESCRIPTION
Extent 40p.
Other physical details ill.
Dimensions 29cm.
942 ## - ADDED ENTRY ELEMENTS (KOHA)
Source of classification or shelving scheme
Koha item type AGR
Holdings
Price effective from Date last seen Permanent Location Not for loan Date acquired Source of classification or shelving scheme Koha item type Lost status Withdrawn status Date last checked out Total Checkouts Shelving location Damaged status Barcode Current Location Full call number
2015-09-152015-09-15Library Block B 2015-09-15 AGR    B027 RUA002939Library Block BAGR SAY 2001 B027 Or.1
2015-09-152025-11-26Library Block B 2015-09-15 AGR  2025-10-201B027 RUA002867Library Block BAGR SAY 2001 B027 Or.2
2015-09-152015-09-15Library Block B 2015-09-15 AGR    B027 RUA002428Library Block BAGR SAY 2001 B027 Or.3
2015-09-152015-09-15Library Block B 2015-09-15 AGR    B027 RUA002795Library Block BAGR SAY 2001 B027 Or.4
2015-09-152015-09-15Library Block B 2015-09-15 AGR    B027 RUA002723Library Block BAGR SAY 2001 B027 Or.5
2015-09-152015-09-15Library Block B 2015-09-15 AGR    B027 RUA002651Library Block BAGR SAY 2001 B027 Or.6
2015-09-152015-09-15Library Block B 2015-09-15 AGR    B027 RUA002507Library Block BAGR SAY 2001 B027 Or.7
មជ្ឈមណ្ឌលឯការនៃសាកលវិទ្យាល័យភូមិន្ទកសិកម្មចំការដូង

Powered by Koha